Statistics for Countries of the World - Alphabetical Order - Blind typing!

Click here to take the quiz!

General Stats

  • This quiz has been taken 81 times
  • The average score is 99 of 196

Answer Stats

NUMBER% Correct
1
94%
2
94%
3
84%
7
84%
8
84%
10
80%
4
80%
9
80%
13
76%
5
76%
6
76%
12
75%
17
75%
18
75%
11
73%
15
73%
14
71%
16
69%
20
69%
22
69%
19
67%
21
67%
24
67%
26
67%
27
65%
196
63%
23
63%
195
61%
25
61%
29
61%
30
61%
32
61%
192
59%
194
59%
31
59%
186
57%
187
57%
193
57%
36
57%
37
57%
190
55%
191
55%
38
55%
184
53%
185
53%
188
53%
34
53%
35
53%
180
51%
189
51%
33
51%
39
51%
40
51%
42
51%
181
49%
183
49%
28
49%
44
49%
47
49%
48
49%
52
49%
54
49%
56
49%
58
49%
60
49%
61
49%
62
49%
64
49%
67
49%
71
49%
72
49%
74
49%
76
49%
78
49%
79
49%
86
49%
87
49%
88
49%
92
49%
94
49%
102
47%
106
47%
108
47%
109
47%
112
47%
129
47%
130
47%
132
47%
156
47%
168
47%
179
47%
45
47%
46
47%
51
47%
53
47%
55
47%
57
47%
63
47%
68
47%
70
47%
73
47%
75
47%
77
47%
80
47%
81
47%
82
47%
83
47%
84
47%
89
47%
90
47%
93
47%
98
47%
99
47%
100
45%
103
45%
105
45%
111
45%
120
45%
121
45%
123
45%
124
45%
128
45%
131
45%
133
45%
138
45%
140
45%
142
45%
143
45%
144
45%
159
45%
160
45%
162
45%
164
45%
169
45%
170
45%
173
45%
177
45%
178
45%
182
45%
43
45%
49
45%
50
45%
65
45%
66
45%
69
45%
95
45%
101
43%
104
43%
107
43%
113
43%
115
43%
116
43%
119
43%
122
43%
126
43%
127
43%
134
43%
135
43%
139
43%
145
43%
146
43%
147
43%
149
43%
150
43%
152
43%
153
43%
157
43%
158
43%
161
43%
163
43%
165
43%
166
43%
167
43%
174
43%
175
43%
176
43%
85
43%
97
43%
110
41%
114
41%
117
41%
118
41%
125
41%
136
41%
137
41%
141
41%
151
41%
154
41%
171
41%
172
41%
91
41%
96
41%
148
39%
155
39%
41
39%
59
39%

Score Distribution

Percentile by Number Answered

Percent of People with Each Score

Your Score History

You have not taken this quiz